Rotaciones y secuencias de cultivos en la región mixta cerealera del centro-sur bonaerense 30 años de experiencias /
Guardado en:
| Autor Principal: | |
|---|---|
| Autor Corporativo: | |
| Otros Autores: | |
| Formato: | Electrónico |
| Idioma: | Spanish |
| Publicado: |
Tres Arroyos :
Ediciones INTA,
2016.
|
| Series: | Colección investigación, desarrollo e innovación
|
| Materias: | |
| Acceso en línea: | Acceso a texto completo |
| Etiquetas: |
Agregar Etiqueta
Sin Etiquetas, Sea el primero en etiquetar este registro!
|
| LEADER | 01023nmm a22001935a 4500 | ||
|---|---|---|---|
| 001 | EEA.libagro010697 | ||
| 008 | 160531s2016####ag##################spa | ||
| 005 | 20200423125420.0 | ||
| 245 | 1 | 0 | |a Rotaciones y secuencias de cultivos en la región mixta cerealera del centro-sur bonaerense |h [recurso electrónico] : |b 30 años de experiencias / |c editado por Horacio Forján y M. Lucrecia Manso. |
| 260 | |a Tres Arroyos : |b Ediciones INTA, |c 2016. | ||
| 490 | 1 | |a Colección investigación, desarrollo e innovación | |
| 500 | |a Título tomado de inta.gob.ar (visto el 31 de mayo de 2016). | ||
| 538 | |a Modo de acceso: World Wide Web. | ||
| 020 | |a 9789875216990 | ||
| 100 | 1 | |a Forján, Horacio J. | |
| 700 | 1 | |a Manso, M. Lucrecia. | |
| 710 | 2 | |a Instituto Nacional de Tecnología Agropecuaria (Argentina) | |
| 655 | 7 | |a Libros electrónicos. | |
| 856 | 4 | 0 | |3 Acceso a texto completo |u http://inta.gob.ar/sites/default/files/inta%5F-%5Frotaciones%5Fy%5Fsecuencias%5Fde%5Fcultivos%5Fen%5Fla%5Fregion%5Fmixta%5Fcerealera%5Fdel%5Fcentro%5Fsur%5Fbonaerense.pdf |
